000 00609nam a22002057a 4500
999 _c17000
_d17000
003 AR-CdUCM
008 190507b ||||| |||| 00| 0 spa d
040 _aMUNICIPALIDAD PROVINCIAL DEL CUSCO
_cBIBLIOTECA MUNICIPAL DEL CUSCO
082 _a828.92 /
_bH86
100 _aHuxley, Aldous..
_91405
245 _aUn mundo feliz :
_bNovela /
260 _aBarcelona :
_bPlaza & Janes,
_c1976.
300 _a202 páginas ;
_c19 cm.
440 _aRotativa.
_96814
500 _aNovela.
650 _aNovela.
_95
700 _aHernandez, Ramon (traductor)
_936798
942 _2ddc
_cLIBROS
945 _arum
_d2019-05-07